| 000 | 00911Cam#a2200229#a#4500 | ||
|---|---|---|---|
| 005 | 20231205113053.0 | ||
| 008 | 100811s1995||||xxud |||||||||||||spa d | ||
| 020 | _a0025732X | ||
| 041 | _aspa | ||
| 092 |
_c615 _l13 _sCOM |
||
| 100 |
_aAbramowicz, Mark., _eEditor |
||
| 245 |
_aCompendio de terapéutica antimicrobiana : _bThe medical letter. On drugs and therapeutics / _cMark Abramowicz. |
||
| 250 | _a1a ed. española. | ||
| 260 |
_aBarcelona : _bJ. R. Prous, _c1995. |
||
| 300 | _a163 p. | ||
| 500 | _aAbramowicz, M. (1995). Compendio de terapéutica antimicrobiana : The medical letter. On drugs and therapeutics. (1a ed.) Barcelona: J. R. Prous. | ||
| 590 | _aPublicado dentro del Programa Ampliado de Libros de Texto y Materiales de Instrucción (PALTEX) de la Organización Panamericana de la Salud. | ||
| 653 | _aTerapéutica | ||
| 653 | _aAntimicrobiana | ||
| 930 | _a980 | ||
| 942 |
_2ddc _cBK |
||
| 999 |
_c608 _d608 |
||